000 00613nam a2200229Ia 4500
003 OSt
005 20220918175711.0
006 a|||||r|||| 00| 0
007 ta
008 220917b |||||||| |||| 00| 0 eng d
024 _a18,593
037 _cTextual
040 _aARTS
_cARTS
_beng
041 _2eng
_aeng
082 _aO:1J73:5:9, J2
100 _aGreg W. W.
_954702
245 0 _aJohnson's Masque of Gipsies in the Burley, Belvoir, and Windsor version
260 _c1952
650 _aENGLISH LITERATURE
942 _hO:1J73:5:9, J2
_cTEXL
_2CC
999 _c158694
_d158694